Most Powerful EU Countries - Statistics

General Stats
  • This quiz has been taken 53 times
  • The average score is 9 of 10
Answer Stats
Power Index Country % Correct
0.2164 Italy
100%
0.3242 Spain
100%
0.1878 France
98%
0.3776 Poland
98%
0.2601 Germany
96%
0.6856 Portugal
96%
0.4835 Sweden
96%
0.8109 Denmark
87%
0.6412 Netherlands
87%
0.5337 Greece
85%
No matching quizzes found
Score Distribution
Percent of People with Each Score
Percentile by Number Answered
Your Score History
You have not taken this quiz